Succeed the Happionaire Way / (Record no. 172564)

MARC details
000 -LEADER
fixed length control field 00544nam a22001817a 4500
005 - DATE AND TIME OF LATEST TRANSACTION
control field 20200207110445.0
010 ## - LCCN (DPL NO)
LC control number ENG-127669
020 ## - INTERNATIONAL STANDARD BOOK NUMBER
International Standard Book Number 9789384061678
Terms of availability 499.00
035 ## - SYSTEM CONTROL NUMBER
System control number EN-111201
037 ## - SOURCE OF ACQUISITION
Source of stock number/acquisition DBAD/PUB
082 ## - DEWEY DECIMAL CLASSIFICATION NUMBER
Classification number 158.1
100 ## - MAIN ENTRY--PERSONAL NAME
Personal name Chabria,Yogesh
245 ## - TITLE STATEMENT
Title Succeed the Happionaire Way /
Remainder of title by Yogesh Chabria
260 ## - PUBLICATION, DISTRIBUTION, ETC. (IMPRINT)
Place of publication, distribution, etc Mumbai
Name of publisher, distributor, etc Bestsellers18
Date of publication, distribution, etc 2017
270 ## - ADDRESS
City Mumbai
Address B-23,Royal Industrial Estate,5-B, Naigun Cross Road,Wadala
Postal code 400013
300 ## - PHYSICAL DESCRIPTION
Extent 180p.
Other physical details 21cm(hb)
942 ## - ADDED ENTRY ELEMENTS (KOHA)
Source of classification or shelving scheme Dewey Decimal Classification
Item type English Books
Classification part 158.1
Call number suffix CHA
Holdings
Withdrawn status Lost status Not for loan Collection code Home library Current library Date acquired Source of acquisition Cost, normal purchase price Full call number Barcode Copy number Cost, replacement price Koha item type
      Non-fiction Central Library Central Library 07/02/2020 DBAD/PUB 499.00 158.1 CHA EN-111201 1 499.00 English Books

© Delhi Public Library
Hit Counter
free hit counter